| 000 | 00833nam a22002537a 4500 | ||
|---|---|---|---|
| 003 | DO-SdBNP | ||
| 005 | 20260202095302.0 | ||
| 007 | ta | ||
| 008 | 210406e2018 rd gr00| 0 e1g0dspa d | ||
| 020 | _a9789945091076 | ||
| 040 |
_aDO-SdBNP _bspa _cBNPHU |
||
| 082 | 2 |
_a248.4 _bA452d _222 |
|
| 100 | 1 |
_aAlmonte, Fernando, _972552 _d1980- |
|
| 245 | 1 | 0 |
_aDios lo puede hacer de la noche a la mañana / _cFernando Almonte ; prólogo, Santiago Lozano. |
| 260 |
_aSanto Domingo : _bSantuario, _c2018 |
||
| 300 |
_a112 p. ; _c23 cm. |
||
| 500 | _aIncluye datos biográficos del autor en las solapas | ||
| 590 | _aInventariado, 2021 /LP | ||
| 650 | 0 |
_aVida espiritual _9268 |
|
| 650 | 0 |
_aEspiritualidad _9613 |
|
| 700 | 1 |
_aLozano, Santiago, _epról. _972553 |
|
| 910 | _aLopérez. Validado. Control de calidad MFF | ||
| 942 |
_2ddc _cLBS1 |
||
| 999 |
_c49253 _d49253 |
||